[Event "DEM U14 2022"]
[Site "Willingen GER"]
[Date "2022.06.06"]
[Round "3"]
[White "Kocharin, Timur"]
[Black "Torosyan, Bagrat"]
[Result "1/2-1/2"]
[Termination "normal"]
[Board "9"]
[WhiteElo "1888"]
[BlackElo "1734"]
[WhiteClock "00:05:22"]
[BlackClock "00:03:04"]
[PlyCount "72"]
[WhiteFideId "16240936"]
[BlackFideId "16258134"]
[EventCountry "GER"]
[EventRounds "9"]
[EventType "swiss"]
[EventDate "2022.06.04"]

1. d4 {[%clk 1:30:39]} Nf6 {[%clk 1:30:57]} 2. c4 {[%clk 1:31:04]} g6 {[%clk
1:31:23]} 3. Nc3 {[%clk 1:31:31]} Bg7 {[%clk 1:31:49]} 4. Nf3 {[%clk 1:31:55]}
O-O {[%clk 1:32:11]} 5. Bf4 {[%clk 1:32:21]} d6 {[%clk 1:31:50]} 6. e3 {[%clk
1:32:42]} Re8 {[%clk 1:30:10]} 7. Be2 {[%clk 1:29:34]} Nbd7 {[%clk 1:30:17]} 8.
O-O {[%clk 1:29:23]} Nh5 {[%clk 1:29:03]} 9. Bg5 {[%clk 1:29:06]} h6 {[%clk
1:29:23]} 10. Bh4 {[%clk 1:29:33]} g5 {[%clk 1:29:39]} 11. Nd2 {[%clk 1:29:44]}
gxh4 {[%clk 1:29:56]} 12. Bxh5 {[%clk 1:30:11]} c5 {[%clk 1:30:16]} 13. Nde4
{[%clk 1:22:46]} cxd4 {[%clk 1:22:00]} 14. exd4 {[%clk 1:22:23]} Qa5 {[%clk
1:16:42]} 15. Re1 {[%clk 1:13:08]} Rf8 {[%clk 1:06:06]} 16. Nd5 {[%clk
0:53:32]} Qd8 {[%clk 1:01:29]} 17. Qf3 {[%clk 0:41:41]} Nb6 {[%clk 0:40:25]}
18. Nxd6 {[%clk 0:28:16]} exd6 {[%clk 0:30:45]} 19. Ne7+ {[%clk 0:28:40]} Kh8
{[%clk 0:19:51]} 20. Bxf7 {[%clk 0:28:54]} Bd7 {[%clk 0:16:59]} 21. c5 {[%clk
0:18:58]} dxc5 {[%clk 0:12:23]} 22. dxc5 {[%clk 0:18:19]} Na4 {[%clk 0:10:34]}
23. Rad1 {[%clk 0:12:35]} Qc7 {[%clk 0:04:59]} 24. Ng6+ {[%clk 0:11:25]} Kh7
{[%clk 0:05:23]} 25. Nxf8+ {[%clk 0:09:21]} Rxf8 {[%clk 0:04:35]} 26. Re7
{[%clk 0:08:01]} Nxc5 {[%clk 0:04:07]} 27. b4 {[%clk 0:07:02]} Qd8 {[%clk
0:03:07]} 28. Rexd7 {[%clk 0:04:54]} Nxd7 {[%clk 0:03:01]} 29. Qf5+ {[%clk
0:05:07]} Kh8 30. Rxd7 {[%clk 0:05:01]} Qc8 {[%clk 0:03:32]} 31. h3 {[%clk
0:04:47]} Qc1+ {[%clk 0:03:32]} 32. Kh2 {[%clk 0:05:15]} Qe1 {[%clk 0:03:43]}
33. Rd5 {[%clk 0:04:54]} Qe7 {[%clk 0:02:02]} 34. Rd7 {[%clk 0:04:52]} Qe1
{[%clk 0:02:15]} 35. Rd5 {[%clk 0:04:58]} Qe7 {[%clk 0:02:39]} 36. Rd7 {[%clk
0:05:22]} Qe1 {[%clk 0:03:04]} 1/2-1/2

[Event "DEM U14 2022"]
[Site "Willingen GER"]
[Date "2022.06.06"]
[Round "3"]
[White "Sommer, Justus"]
[Black "Deschler, Arne"]
[Result "1-0"]
[Termination "normal"]
[Board "13"]
[WhiteElo "1868"]
[BlackElo "1646"]
[WhiteClock "00:24:13"]
[BlackClock "00:31:54"]
[PlyCount "49"]
[WhiteFideId "16245008"]
[BlackFideId "16274415"]
[EventCountry "GER"]
[EventRounds "9"]
[EventType "swiss"]
[EventDate "2022.06.04"]

1. e4 {[%clk 1:30:46]} c6 {[%clk 1:30:57]} 2. d4 {[%clk 1:30:58]} d5 {[%clk
1:31:21]} 3. exd5 {[%clk 1:31:00]} cxd5 {[%clk 1:31:44]} 4. c4 {[%clk 1:31:04]}
Nf6 {[%clk 1:31:48]} 5. Nc3 {[%clk 1:31:12]} Bf5 {[%clk 1:31:43]} 6. Bg5 {[%clk
1:30:35]} dxc4 {[%clk 1:28:59]} 7. Bxc4 {[%clk 1:29:46]} e6 {[%clk 1:27:31]} 8.
d5 {[%clk 1:23:41]} Qb6 {[%clk 1:20:27]} 9. Bxf6 {[%clk 1:14:02]} gxf6 {[%clk
1:20:40]} 10. Nge2 {[%clk 1:13:27]} Bc5 {[%clk 1:19:46]} 11. O-O {[%clk
1:12:45]} Nd7 {[%clk 1:08:35]} 12. Ng3 {[%clk 1:08:13]} Qxb2 {[%clk 1:00:45]}
13. Nxf5 {[%clk 1:01:57]} exf5 {[%clk 1:00:08]} 14. Qe1+ {[%clk 0:56:12]} Ne5
{[%clk 0:58:18]} 15. Rb1 {[%clk 0:53:39]} Qc2 {[%clk 0:55:10]} 16. Rc1 {[%clk
0:39:59]} Qb2 {[%clk 0:55:15]} 17. Bb3 {[%clk 0:38:20]} Kd8 {[%clk 0:37:23]}
18. Na4 {[%clk 0:33:28]} Qd4 {[%clk 0:35:43]} 19. Nxc5 {[%clk 0:31:41]} Rg8
{[%clk 0:35:06]} 20. Qe3 {[%clk 0:28:21]} Qg4 {[%clk 0:34:43]} 21. Qg3 {[%clk
0:27:18]} Nf3+ {[%clk 0:30:40]} 22. gxf3 {[%clk 0:24:41]} Qxf3 {[%clk 0:31:06]}
23. Qxg8+ {[%clk 0:24:49]} Ke7 {[%clk 0:31:30]} 24. Rfe1+ {[%clk 0:23:50]} Kd6
{[%clk 0:31:54]} 25. Nxb7+ {[%clk 0:24:13]} 1-0

[Event "DEM U14 2022"]
[Site "Willingen GER"]
[Date "2022.06.06"]
[Round "3"]
[White "Sundui, Chinguun"]
[Black "Linnemann, Caspar"]
[Result "1/2-1/2"]
[Termination "normal"]
[Board "14"]
[WhiteElo "1793"]
[BlackElo "1720"]
[WhiteClock "00:04:46"]
[BlackClock "00:04:46"]
[PlyCount "68"]
[WhiteFideId "4907930"]
[BlackFideId "16200284"]
[EventCountry "GER"]
[EventRounds "9"]
[EventType "swiss"]
[EventDate "2022.06.04"]

1. d4 {[%clk 1:30:57]} Nf6 {[%clk 1:30:40]} 2. Nf3 {[%clk 1:31:20]} c5 {[%clk
1:29:47]} 3. d5 {[%clk 1:31:42]} d6 {[%clk 1:30:03]} 4. Nc3 {[%clk 1:31:42]}
Nbd7 {[%clk 1:29:44]} 5. e4 {[%clk 1:32:04]} g6 {[%clk 1:29:47]} 6. Bb5 {[%clk
1:28:30]} a6 {[%clk 1:27:25]} 7. Bxd7+ {[%clk 1:27:33]} Nxd7 {[%clk 1:26:57]}
8. a4 {[%clk 1:27:48]} Bg7 {[%clk 1:26:15]} 9. O-O {[%clk 1:27:23]} O-O {[%clk
1:26:12]} 10. Bf4 {[%clk 1:26:34]} b6 {[%clk 1:17:29]} 11. Qe2 {[%clk 1:22:11]}
f6 {[%clk 1:08:40]} 12. Qd2 {[%clk 1:19:57]} Ne5 {[%clk 1:00:03]} 13. Nxe5
{[%clk 1:14:29]} fxe5 {[%clk 0:58:40]} 14. Bh6 {[%clk 1:14:31]} Bd7 {[%clk
0:53:18]} 15. h4 {[%clk 1:13:20]} Qe8 {[%clk 0:47:45]} 16. Bxg7 {[%clk
1:05:28]} Kxg7 {[%clk 0:47:59]} 17. f4 {[%clk 1:03:30]} exf4 {[%clk 0:45:44]}
18. Rxf4 {[%clk 1:03:23]} Rxf4 {[%clk 0:45:39]} 19. Qxf4 {[%clk 1:03:45]} Qf7
{[%clk 0:43:20]} 20. Qg3 {[%clk 0:54:50]} Qf6 {[%clk 0:34:41]} 21. Rd1 {[%clk
0:34:56]} Rf8 {[%clk 0:31:00]} 22. b3 {[%clk 0:26:55]} h5 {[%clk 0:27:02]} 23.
Re1 {[%clk 0:13:06]} Qd4+ 24. Re3 {[%clk 0:12:20]} Qf6 {[%clk 0:11:50]} 25. Rf3
{[%clk 0:08:30]} Qd4+ {[%clk 0:11:55]} 26. Re3 {[%clk 0:08:51]} Qf6 {[%clk
0:12:18]} 27. e5 {[%clk 0:07:51]} Qf1+ {[%clk 0:10:50]} 28. Kh2 {[%clk
0:08:17]} Qf4 {[%clk 0:09:52]} 29. e6 {[%clk 0:06:19]} Be8 {[%clk 0:08:43]} 30.
Rf3 {[%clk 0:05:51]} Qxg3+ {[%clk 0:08:55]} 31. Kxg3 {[%clk 0:06:16]} Rxf3+
{[%clk 0:04:45]} 32. Kxf3 {[%clk 0:04:27]} g5 {[%clk 0:04:46]} 33. hxg5 {[%clk
0:04:27]} Bg6 {[%clk 0:04:58]} 34. Ne4 {[%clk 0:04:46]} Bf5 {[%clk 0:04:46]}
1/2-1/2

[Event "DEM U14 2022"]
[Site "Willingen GER"]
[Date "2022.06.06"]
[Round "3"]
[White "Müller, Maximilian"]
[Black "Goldinov, Daniel"]
[Result "1-0"]
[Termination "normal"]
[Board "17"]
[WhiteElo "1875"]
[BlackElo "1626"]
[WhiteClock "00:33:28"]
[BlackClock "00:06:43"]
[PlyCount "59"]
[WhiteFideId "16243552"]
[BlackFideId "34605649"]
[EventCountry "GER"]
[EventRounds "9"]
[EventType "swiss"]
[EventDate "2022.06.04"]

1. e4 {[%clk 1:30:58]} c6 {[%clk 1:30:56]} 2. d4 {[%clk 1:31:25]} d5 {[%clk
1:31:19]} 3. e5 {[%clk 1:31:52]} c5 {[%clk 1:31:47]} 4. dxc5 {[%clk 1:32:16]}
Nc6 {[%clk 1:32:09]} 5. a3 {[%clk 1:32:36]} Nxe5 {[%clk 1:31:07]} 6. b4 {[%clk
1:33:00]} a6 {[%clk 1:29:33]} 7. Bb2 {[%clk 1:32:03]} Nc6 {[%clk 1:27:45]} 8.
Nc3 {[%clk 1:27:54]} Nf6 {[%clk 1:26:45]} 9. Na4 {[%clk 1:27:10]} e5 {[%clk
1:23:52]} 10. Nb6 {[%clk 1:27:08]} Rb8 {[%clk 1:22:29]} 11. Qe2 {[%clk
1:17:59]} Qc7 {[%clk 1:12:52]} 12. Rd1 {[%clk 1:02:38]} Be6 {[%clk 1:02:04]}
13. Nf3 {[%clk 0:58:47]} d4 {[%clk 0:56:29]} 14. c3 {[%clk 0:56:06]} d3 {[%clk
0:36:34]} 15. Qe3 {[%clk 0:49:43]} e4 {[%clk 0:32:41]} 16. Nd4 {[%clk 0:49:53]}
Nxd4 {[%clk 0:21:40]} 17. cxd4 {[%clk 0:50:03]} Bd6 {[%clk 0:19:51]} 18. d5
{[%clk 0:47:41]} Bf4 {[%clk 0:16:28]} 19. d6 {[%clk 0:44:09]} d2+ {[%clk
0:12:14]} 20. Rxd2 {[%clk 0:41:19]} Bxe3 {[%clk 0:10:58]} 21. dxc7 {[%clk
0:41:44]} Bxd2+ {[%clk 0:11:19]} 22. Kxd2 {[%clk 0:42:09]} Rc8 {[%clk 0:11:38]}
23. Nxc8 {[%clk 0:42:12]} Bxc8 {[%clk 0:12:06]} 24. Bc4 {[%clk 0:41:10]} O-O
{[%clk 0:07:08]} 25. Bxf6 {[%clk 0:38:38]} gxf6 {[%clk 0:07:36]} 26. Ke3 {[%clk
0:39:01]} Re8 {[%clk 0:07:26]} 27. Rd1 {[%clk 0:39:23]} f5 {[%clk 0:06:40]} 28.
Rd8 {[%clk 0:33:32]} Rf8 {[%clk 0:06:43]} 29. b5 {[%clk 0:33:28]} Kg7 30. b6
1-0

[Event "DEM U14 2022"]
[Site "Willingen GER"]
[Date "2022.06.07"]
[Round "4"]
[White "Deuer, Marius"]
[Black "Payyappat, Sreyas"]
[Result "1/2-1/2"]
[Termination "normal"]
[Board "1"]
[WhiteTitle "FM"]
[BlackTitle "FM"]
[WhiteElo "2351"]
[BlackElo "2173"]
[WhiteClock "00:02:25"]
[BlackClock "00:38:48"]
[PlyCount "72"]
[WhiteFideId "16236432"]
[BlackFideId "46674969"]
[EventCountry "GER"]
[EventRounds "9"]
[EventType "swiss"]
[EventDate "2022.06.04"]

1. Nf3 {[%clk 1:30:57]} Nf6 {[%clk 1:30:53]} 2. c4 {[%clk 1:31:22]} c5 {[%clk
1:31:18]} 3. Nc3 {[%clk 1:31:49]} Nc6 {[%clk 1:31:39]} 4. e3 {[%clk 1:32:15]}
g6 {[%clk 1:31:59]} 5. d4 {[%clk 1:32:40]} cxd4 {[%clk 1:32:25]} 6. exd4 {[%clk
1:33:05]} d5 {[%clk 1:32:51]} 7. cxd5 {[%clk 1:33:26]} Nxd5 {[%clk 1:33:14]} 8.
Qb3 {[%clk 1:33:51]} Nxc3 {[%clk 1:33:39]} 9. Bc4 {[%clk 1:34:16]} e6 {[%clk
1:34:04]} 10. bxc3 {[%clk 1:34:42]} Bg7 {[%clk 1:34:27]} 11. Ba3 {[%clk
1:35:06]} Bf8 {[%clk 1:34:52]} 12. Bxf8 {[%clk 1:35:27]} Kxf8 {[%clk 1:35:17]}
13. h4 {[%clk 1:35:51]} h5 {[%clk 1:34:12]} 14. O-O {[%clk 1:36:14]} Kg7 {[%clk
1:34:24]} 15. Qb2 {[%clk 1:36:23]} Qf6 {[%clk 1:31:21]} 16. Ng5 {[%clk
1:35:07]} b6 {[%clk 1:29:33]} 17. Rfe1 {[%clk 1:28:35]} Na5 {[%clk 1:27:48]}
18. Bd3 {[%clk 1:24:04]} Bb7 {[%clk 1:26:44]} 19. Re3 {[%clk 1:09:02]} Rac8
{[%clk 1:22:56]} 20. Rae1 {[%clk 1:03:55]} Bd5 {[%clk 1:20:27]} 21. Rg3 {[%clk
0:58:01]} Nc4 {[%clk 1:19:18]} 22. Qb4 {[%clk 0:49:39]} Rhd8 {[%clk 1:14:05]}
23. Be4 {[%clk 0:37:54]} Bxe4 {[%clk 1:11:41]} 24. Rxe4 {[%clk 0:38:15]} Nd6
{[%clk 1:10:35]} 25. Rf3 {[%clk 0:37:33]} Nf5 {[%clk 1:10:53]} 26. Ref4 {[%clk
0:32:47]} e5 {[%clk 1:02:38]} 27. Ne4 {[%clk 0:29:51]} Qe6 {[%clk 0:59:33]} 28.
Rxf5 {[%clk 0:30:13]} gxf5 {[%clk 0:59:25]} 29. Rg3+ {[%clk 0:30:42]} Kh8
{[%clk 0:49:42]} 30. Ng5 {[%clk 0:31:04]} Qd7 {[%clk 0:50:03]} 31. dxe5 {[%clk
0:24:26]} Rc6 {[%clk 0:47:51]} 32. e6 {[%clk 0:13:01]} fxe6 {[%clk 0:40:50]}
33. Qf4 {[%clk 0:13:06]} Rg8 {[%clk 0:38:48]} 34. Qe5+ {[%clk 0:06:25]} Rg7
{[%clk 0:38:57]} 35. Rd3 {[%clk 0:01:57]} Qxd3 {[%clk 0:38:29]} 36. Qb8+ {[%clk
0:02:25]} Rg8 {[%clk 0:38:48]} 1/2-1/2

[Event "DEM U14 2022"]
[Site "Willingen GER"]
[Date "2022.06.07"]
[Round "4"]
[White "Ermitsch, Magnus"]
[Black "Haubold, Sebastian Marcel"]
[Result "1-0"]
[Termination "normal"]
[Board "2"]
[WhiteElo "2227"]
[BlackElo "1889"]
[WhiteClock "00:17:11"]
[BlackClock "00:09:13"]
[PlyCount "71"]
[WhiteFideId "16234464"]
[BlackFideId "16259637"]
[EventCountry "GER"]
[EventRounds "9"]
[EventType "swiss"]
[EventDate "2022.06.04"]

1. e4 {[%clk 1:30:58]} e5 {[%clk 1:30:54]} 2. Nf3 {[%clk 1:31:25]} Nc6 {[%clk
1:31:18]} 3. Bb5 {[%clk 1:31:51]} a6 {[%clk 1:31:42]} 4. Ba4 {[%clk 1:32:17]}
Nf6 {[%clk 1:32:00]} 5. O-O {[%clk 1:32:43]} Be7 {[%clk 1:32:24]} 6. d3 {[%clk
1:33:09]} b5 {[%clk 1:30:48]} 7. Bb3 {[%clk 1:33:36]} d6 {[%clk 1:29:48]} 8. c3
{[%clk 1:34:02]} O-O {[%clk 1:29:44]} 9. a4 {[%clk 1:34:30]} Bb7 {[%clk
1:24:58]} 10. Bg5 {[%clk 1:34:41]} Nd7 {[%clk 1:20:40]} 11. Be3 {[%clk
1:29:42]} Na5 {[%clk 1:13:33]} 12. Ba2 {[%clk 1:29:23]} c5 {[%clk 1:13:11]} 13.
b4 {[%clk 1:05:51]} cxb4 {[%clk 1:04:30]} 14. cxb4 {[%clk 1:05:25]} Nc6 {[%clk
1:04:49]} 15. Bd5 {[%clk 1:02:50]} Nb6 {[%clk 1:02:13]} 16. Nc3 {[%clk
1:00:55]} Rb8 {[%clk 0:42:58]} 17. axb5 {[%clk 0:58:48]} axb5 {[%clk 0:43:05]}
18. Qb3 {[%clk 0:56:30]} Bf6 {[%clk 0:27:48]} 19. Rfc1 {[%clk 0:32:42]} Nxd5
{[%clk 0:25:52]} 20. Nxd5 {[%clk 0:32:42]} Ne7 {[%clk 0:23:23]} 21. Nxf6+
{[%clk 0:28:47]} gxf6 {[%clk 0:23:40]} 22. Nh4 {[%clk 0:26:26]} Qd7 {[%clk
0:19:47]} 23. Qd1 {[%clk 0:24:57]} Bc8 {[%clk 0:16:27]} 24. h3 {[%clk 0:23:35]}
Kh8 {[%clk 0:15:23]} 25. Qf3 {[%clk 0:20:56]} Qe6 {[%clk 0:15:36]} 26. d4
{[%clk 0:20:50]} d5 {[%clk 0:14:30]} 27. Rc7 {[%clk 0:17:41]} Rb7 {[%clk
0:12:06]} 28. Rc5 {[%clk 0:17:42]} f5 {[%clk 0:08:39]} 29. exd5 {[%clk
0:16:13]} Qf6 {[%clk 0:09:02]} 30. dxe5 {[%clk 0:15:55]} Qxh4 {[%clk 0:09:23]}
31. d6 {[%clk 0:16:14]} Ng6 {[%clk 0:09:34]} 32. Rxc8 {[%clk 0:16:27]} Rxc8
{[%clk 0:09:00]} 33. Qxb7 {[%clk 0:16:50]} Rf8 {[%clk 0:09:01]} 34. Ra8 {[%clk
0:16:42]} f4 {[%clk 0:08:51]} 35. Rxf8+ {[%clk 0:16:48]} Nxf8 {[%clk 0:09:13]}
36. Qxf7 {[%clk 0:17:11]} 1-0

[Event "DEM U14 2022"]
[Site "Willingen GER"]
[Date "2022.06.07"]
[Round "4"]
[White "Klaska, Philipp Leon"]
[Black "Hagner, Bennet"]
[Result "1/2-1/2"]
[Termination "normal"]
[Board "3"]
[WhiteElo "1946"]
[BlackElo "2186"]
[WhiteClock "00:19:22"]
[BlackClock "00:15:22"]
[PlyCount "90"]
[WhiteFideId "16238044"]
[BlackFideId "16224477"]
[EventCountry "GER"]
[EventRounds "9"]
[EventType "swiss"]
[EventDate "2022.06.04"]

1. e4 {[%clk 1:30:46]} c6 {[%clk 1:30:56]} 2. d4 {[%clk 1:31:11]} d5 {[%clk
1:31:22]} 3. Nc3 {[%clk 1:31:29]} dxe4 {[%clk 1:31:47]} 4. Nxe4 {[%clk
1:31:48]} Nf6 {[%clk 1:32:12]} 5. Nxf6+ {[%clk 1:32:03]} exf6 {[%clk 1:32:40]}
6. c3 {[%clk 1:31:51]} Bd6 {[%clk 1:32:58]} 7. Bd3 {[%clk 1:32:00]} O-O {[%clk
1:33:19]} 8. Ne2 {[%clk 1:31:55]} Re8 {[%clk 1:33:37]} 9. O-O {[%clk 1:31:09]}
Nd7 {[%clk 1:33:53]} 10. Ng3 {[%clk 1:25:29]} g6 {[%clk 1:27:23]} 11. Re1
{[%clk 1:20:25]} Rxe1+ {[%clk 1:21:50]} 12. Qxe1 {[%clk 1:20:42]} f5 {[%clk
1:13:42]} 13. Bh6 {[%clk 1:09:22]} Nf8 {[%clk 0:56:04]} 14. Qd2 {[%clk
0:56:28]} Be7 {[%clk 0:42:20]} 15. Re1 {[%clk 0:46:41]} Bf6 {[%clk 0:42:23]}
16. Nf1 {[%clk 0:36:46]} Be6 {[%clk 0:36:22]} 17. a3 {[%clk 0:34:49]} a5 {[%clk
0:35:04]} 18. Ne3 {[%clk 0:33:16]} a4 {[%clk 0:32:29]} 19. Nc4 {[%clk 0:31:35]}
b5 {[%clk 0:21:44]} 20. Ne5 {[%clk 0:29:43]} Rc8 {[%clk 0:20:13]} 21. Qe3
{[%clk 0:19:52]} Bb3 {[%clk 0:14:17]} 22. Qg3 {[%clk 0:15:58]} Bh4 {[%clk
0:14:08]} 23. Qe3 {[%clk 0:12:21]} Bf6 {[%clk 0:12:29]} 24. Qg3 {[%clk
0:11:51]} Be6 {[%clk 0:12:28]} 25. Nf3 {[%clk 0:10:07]} Qd5 {[%clk 0:12:03]}
26. Bg5 {[%clk 0:09:38]} Bg7 {[%clk 0:12:19]} 27. h4 {[%clk 0:08:54]} h6 {[%clk
0:11:29]} 28. Be7 {[%clk 0:06:16]} Nh7 {[%clk 0:10:38]} 29. Qd6 {[%clk
0:06:03]} Re8 {[%clk 0:07:52]} 30. Qxd5 {[%clk 0:05:44]} Bxd5 {[%clk 0:08:14]}
31. Bd6 {[%clk 0:05:32]} Re6 {[%clk 0:04:44]} 32. Rxe6 {[%clk 0:04:00]} fxe6
{[%clk 0:05:13]} 33. Be5 {[%clk 0:02:34]} Bxf3 {[%clk 0:04:28]} 34. Bxg7 {[%clk
0:02:43]} Kxg7 {[%clk 0:04:09]} 35. gxf3 {[%clk 0:03:02]} Nf6 {[%clk 0:03:01]}
36. c4 {[%clk 0:02:50]} bxc4 {[%clk 0:03:09]} 37. Bxc4 {[%clk 0:03:15]} Nd5
{[%clk 0:02:51]} 38. b3 {[%clk 0:01:46]} axb3 {[%clk 0:02:42]} 39. Bxb3 {[%clk
0:02:08]} Nc7 {[%clk 0:01:32]} 40. a4 {[%clk 0:01:33]} Kf6 {[%clk 0:01:31]} 41.
f4 {[%clk 0:28:43]} g5 {[%clk 0:16:54]} 42. hxg5+ {[%clk 0:25:22]} hxg5 {[%clk
0:17:22]} 43. fxg5+ {[%clk 0:21:09]} Kxg5 {[%clk 0:17:49]} 44. a5 {[%clk
0:19:25]} Kf4 {[%clk 0:15:57]} 45. Ba4 {[%clk 0:19:22]} Ke4 {[%clk 0:15:22]}
1/2-1/2

[Event "DEM U14 2022"]
[Site "Willingen GER"]
[Date "2022.06.07"]
[Round "4"]
[White "Mader, Fabian"]
[Black "Besou, Hussain"]
[Result "1/2-1/2"]
[Termination "normal"]
[Board "4"]
[WhiteElo "1652"]
[BlackElo "2094"]
[WhiteClock "00:19:30"]
[BlackClock "00:19:11"]
[PlyCount "141"]
[WhiteFideId "16265866"]
[BlackFideId "16269950"]
[EventCountry "GER"]
[EventRounds "9"]
[EventType "swiss"]
[EventDate "2022.06.04"]

1. e4 {[%clk 1:30:57]} c6 {[%clk 1:30:54]} 2. Nc3 {[%clk 1:31:17]} d5 {[%clk
1:31:18]} 3. Nf3 {[%clk 1:31:42]} Bg4 {[%clk 1:31:43]} 4. h3 {[%clk 1:31:57]}
Bxf3 {[%clk 1:32:09]} 5. Qxf3 {[%clk 1:32:20]} Nf6 {[%clk 1:32:32]} 6. d4
{[%clk 1:31:21]} dxe4 {[%clk 1:32:44]} 7. Qe3 {[%clk 1:31:41]} Nbd7 {[%clk
1:32:07]} 8. Nxe4 {[%clk 1:31:31]} Nxe4 {[%clk 1:32:30]} 9. Qxe4 {[%clk
1:31:58]} Nf6 {[%clk 1:32:53]} 10. Qe3 {[%clk 1:28:45]} e6 {[%clk 1:29:04]} 11.
c3 {[%clk 1:26:35]} Bd6 {[%clk 1:23:13]} 12. Bd3 {[%clk 1:25:04]} O-O {[%clk
1:22:51]} 13. O-O {[%clk 1:23:20]} Qa5 {[%clk 1:14:47]} 14. Qf3 {[%clk
1:16:43]} Qd5 {[%clk 1:14:12]} 15. Qxd5 {[%clk 1:13:10]} cxd5 {[%clk 1:13:21]}
16. Bg5 {[%clk 1:09:57]} Nd7 {[%clk 1:09:58]} 17. f4 {[%clk 1:03:39]} h6 {[%clk
1:06:29]} 18. Bh4 {[%clk 1:04:01]} g5 {[%clk 1:01:00]} 19. fxg5 {[%clk
1:00:42]} Be7 {[%clk 1:01:09]} 20. Rf3 {[%clk 0:55:08]} hxg5 {[%clk 0:54:37]}
21. Bxg5 {[%clk 0:54:19]} Bxg5 {[%clk 0:54:58]} 22. Rg3 {[%clk 0:54:43]} f6
{[%clk 0:55:04]} 23. h4 {[%clk 0:55:07]} Kf7 {[%clk 0:55:05]} 24. hxg5 {[%clk
0:55:20]} f5 {[%clk 0:47:30]} 25. Re1 {[%clk 0:52:39]} Rg8 {[%clk 0:33:43]} 26.
Rh3 {[%clk 0:47:13]} Nf8 {[%clk 0:32:47]} 27. c4 {[%clk 0:39:47]} Rd8 {[%clk
0:31:33]} 28. Rhe3 {[%clk 0:35:32]} Rxg5 {[%clk 0:30:55]} 29. cxd5 {[%clk
0:34:05]} Rxd5 {[%clk 0:31:16]} 30. Bc4 {[%clk 0:34:28]} Rd6 {[%clk 0:31:41]}
31. Re5 {[%clk 0:34:08]} Rxd4 {[%clk 0:20:37]} 32. Bxe6+ {[%clk 0:34:12]} Kf6
{[%clk 0:20:49]} 33. Bb3 {[%clk 0:28:51]} Ng6 {[%clk 0:20:04]} 34. Re6+ {[%clk
0:23:27]} Kg7 {[%clk 0:20:23]} 35. Re8 {[%clk 0:23:47]} Kh6 {[%clk 0:12:17]}
36. R1e6 {[%clk 0:19:39]} Kh5 {[%clk 0:11:47]} 37. Rg8 {[%clk 0:18:20]} Rd2
{[%clk 0:10:38]} 38. Rexg6 {[%clk 0:17:30]} Rxg6 {[%clk 0:10:41]} 39. Bf7
{[%clk 0:17:55]} Rdxg2+ {[%clk 0:11:07]} 40. Kf1 {[%clk 0:17:47]} Kh6 {[%clk
0:11:22]} 41. Rh8+ {[%clk 0:15:52]} Kg7 {[%clk 0:11:33]} 42. Bxg6 {[%clk
0:16:11]} Rxg6 {[%clk 0:11:57]} 43. Rd8 {[%clk 0:16:08]} Rb6 {[%clk 0:12:07]}
44. b3 {[%clk 0:14:38]} Kf6 {[%clk 0:12:23]} 45. Kf2 {[%clk 0:14:18]} Re6
{[%clk 0:11:43]} 46. Rf8+ {[%clk 0:13:46]} Kg6 {[%clk 0:11:40]} 47. Rg8+ {[%clk
0:12:41]} Kf7 {[%clk 0:11:58]} 48. Rd8 {[%clk 0:12:54]} Re7 {[%clk 0:12:14]}
49. Rd6 {[%clk 0:12:50]} Rc7 {[%clk 0:07:18]} 50. Kf3 {[%clk 0:09:54]} Ke7
{[%clk 0:05:08]} 51. Rh6 {[%clk 0:09:32]} Kd7 {[%clk 0:05:29]} 52. Kf4 {[%clk
0:09:19]} Rc2 {[%clk 0:05:50]} 53. Kxf5 {[%clk 0:07:42]} Rxa2 {[%clk 0:06:12]}
54. Ke5 {[%clk 0:06:18]} Rb2 {[%clk 0:05:54]} 55. Rh3 {[%clk 0:06:08]} Rd2
{[%clk 0:05:07]} 56. Rc3 {[%clk 0:04:46]} Rd6 {[%clk 0:04:19]} 57. Ke4 {[%clk
0:04:03]} Rc6 {[%clk 0:04:17]} 58. Rh3 {[%clk 0:03:33]} Kc7 {[%clk 0:04:36]}
59. Kd4 {[%clk 0:03:25]} Kb6 {[%clk 0:04:49]} 60. Rh5 {[%clk 0:02:52]} Ka6
{[%clk 0:04:22]} 61. b4 {[%clk 0:24:47]} Rc1 {[%clk 0:19:30]} 62. Rc5 {[%clk
0:23:28]} Rh1 {[%clk 0:19:06]} 63. Kc4 {[%clk 0:22:14]} b6 {[%clk 0:18:19]} 64.
Rg5 {[%clk 0:21:45]} Rc1+ {[%clk 0:18:02]} 65. Kb3 {[%clk 0:21:44]} Rc7 {[%clk
0:18:20]} 66. Rh5 {[%clk 0:20:44]} Kb7 {[%clk 0:18:13]} 67. Rg5 {[%clk
0:20:55]} Kc8 {[%clk 0:18:14]} 68. b5 {[%clk 0:19:35]} Kd7 {[%clk 0:18:29]} 69.
Rg7+ {[%clk 0:18:57]} Kd6 {[%clk 0:18:45]} 70. Rxc7 {[%clk 0:19:21]} Kxc7
{[%clk 0:19:11]} 71. Kc4 {[%clk 0:19:30]} 1/2-1/2

[Event "DEM U14 2022"]
[Site "Willingen GER"]
[Date "2022.06.07"]
[Round "4"]
[White "Möller, Maurin"]
[Black "Udelnov, Valentin"]
[Result "1-0"]
[Termination "normal"]
[Board "5"]
[WhiteElo "1780"]
[BlackElo "1967"]
[WhiteClock "01:15:18"]
[BlackClock "00:29:39"]
[PlyCount "45"]
[WhiteFideId "16265696"]
[BlackFideId "16265734"]
[EventCountry "GER"]
[EventRounds "9"]
[EventType "swiss"]
[EventDate "2022.06.04"]

1. e4 {[%clk 1:30:57]} e5 {[%clk 1:30:55]} 2. Nf3 {[%clk 1:31:19]} Nc6 {[%clk
1:31:13]} 3. Bc4 {[%clk 1:31:43]} Bc5 {[%clk 1:31:12]} 4. O-O {[%clk 1:32:06]}
Nf6 {[%clk 1:31:11]} 5. d4 {[%clk 1:32:20]} Bxd4 {[%clk 1:31:07]} 6. Nxd4
{[%clk 1:32:45]} Nxd4 {[%clk 1:31:33]} 7. f4 {[%clk 1:33:10]} d6 {[%clk
1:31:12]} 8. fxe5 {[%clk 1:33:38]} dxe5 {[%clk 1:31:19]} 9. Bg5 {[%clk
1:33:55]} Be6 {[%clk 1:25:37]} 10. Na3 {[%clk 1:33:32]} Qe7 {[%clk 1:20:53]}
11. Bxf6 {[%clk 1:33:41]} gxf6 {[%clk 1:21:06]} 12. c3 {[%clk 1:33:44]} Bxc4
{[%clk 1:19:28]} 13. Nxc4 {[%clk 1:34:12]} Ne6 {[%clk 1:19:31]} 14. b4 {[%clk
1:33:39]} Rg8 {[%clk 1:15:45]} 15. Ne3 {[%clk 1:28:35]} Nf4 {[%clk 1:09:29]}
16. Kh1 {[%clk 1:27:25]} c6 {[%clk 1:02:53]} 17. g3 {[%clk 1:22:32]} Rd8 {[%clk
0:59:19]} 18. Qf3 {[%clk 1:21:31]} Ne6 {[%clk 0:50:32]} 19. Ng4 {[%clk
1:19:24]} Rg6 {[%clk 0:44:12]} 20. Nxf6+ {[%clk 1:18:24]} Kf8 {[%clk 0:44:36]}
21. Ng4 {[%clk 1:15:56]} Ng7 {[%clk 0:39:51]} 22. Nxe5 {[%clk 1:16:12]} Rgd6
{[%clk 0:29:39]} 23. Qxf7+ {[%clk 1:15:18]} 1-0